Islamic reform (Record no. 513993)

MARC details
000 -LEADER
fixed length control field 00792nam a2200253Ia 4500
003 - CONTROL NUMBER IDENTIFIER
control field OSt
005 - DATE AND TIME OF LATEST TRANSACTION
control field 20220925190300.0
008 - FIXED-LENGTH DATA ELEMENTS--GENERAL INFORMATION
fixed length control field 220923b |||||||| |||| 00| 0 eng d
037 ## - SOURCE OF ACQUISITION
Terms of availability General Book
040 ## - CATALOGING SOURCE
Original cataloging agency RTL
Transcribing agency RTL
Language of cataloging eng
041 ## - LANGUAGE CODE
Source of code eng
Language code of text/sound track or separate title eng
100 ## - MAIN ENTRY--PERSONAL NAME
Personal name Kerr Malcolm H
9 (RLIN) 237948
245 #0 - TITLE STATEMENT
Title Islamic reform
Remainder of title The political and legal theories of Muhammad Abduh and Rashid Rida
260 ## - PUBLICATION, DISTRIBUTION, ETC.
Place of publication, distribution, etc. Berkeley
Name of publisher, distributor, etc. University of California Press
Date of publication, distribution, etc. 1966
300 ## - PHYSICAL DESCRIPTION
Extent vii,249p.
Dimensions cm.
490 ## - SERIES STATEMENT
Series statement University of California Near Eastern Center publication
500 ## - GENERAL NOTE
General note Bib p. 227-37
650 ## - SUBJECT ADDED ENTRY--TOPICAL TERM
Topical term or geographic name entry element Islam
9 (RLIN) 577
942 ## - ADDED ENTRY ELEMENTS (KOHA)
Classification part Q7:(Z,91), K6
Koha item type General Books
Source of classification or shelving scheme Colon Classification (CC)

No items available.

Copyright @ Delhi University Library System